|
|
|
|
| LEADER |
00745nam a22002172a 4500 |
| 001 |
000752456 |
| 003 |
CZ BrMZK |
| 005 |
20041130084807.0 |
| 007 |
ta |
| 008 |
041130s1932 xr er|||||||||||cze d |
| 015 |
|
|
|a cnb000949535
|
| 035 |
|
|
|a (OCoLC)85561250
|
| 040 |
|
|
|a BOA001
|b cze
|
| 100 |
1 |
|
|a Machát, František,
|d 1876-1935
|7 jk01073000
|4 aut
|
| 245 |
1 |
0 |
|a Úvod do metodiky zeměpisu ;
|b návod k vyučovacímu postupu v zeměpise ve třídě první /
|c napsal Dr. Frant. Machát
|
| 260 |
|
|
|a Praha :
|b V. Neubert a synové,
|c 1932
|
| 300 |
|
|
|a 91 s.
|
| 500 |
|
|
|a Označeno jako I. a II. díl
|
| 910 |
|
|
|a BOA001
|b PK-I-0012.312
|
| 990 |
|
|
|a BK
|
| 996 |
6 |
|
|b BC-179229
|c PK-I-0012.312
|l MZK
|r Sklad / do 1 hodiny
|n 0
|w 000752456
|u 000010
|a 1
|e BOA001
|j MZK50
|s P
|